000 00296nam a22001337a 4500
003 SGT
082 _a618.92
_bR03D
100 _aDAVID , TIM J.
245 _aRECENT ADVANCES IN PEDIATRICS -20
260 _aLONDON
_bRSM PRESS
_c2003
300 _a231
650 _aPEDIATRICS
942 _2ddc
_cBK
999 _c14685
_d14685